Indianapolis Colts Ring of Honor - Statistics

General Stats
  • This quiz has been taken 25 times
  • The average score is 10 of 17
Answer Stats
Position Years Answer % Correct
QB 1998–2011 Peyton Manning
100%
WR 1996–2008 Marvin Harrison
95%
WR 2001–2014 Reggie Wayne
90%
C 1999–2011 Jeff Saturday
81%
Head Coach 2002–2008 Tony Dungy
81%
RB 1999–2005 Edgerrin James
76%
Owner 1972–1997 Robert Irsay
76%
QB 1994–1997 Jim Harbaugh
71%
DE 2002–2012 Dwight Freeney
67%
RB 1994–1998 Marshall Faulk
67%
DE 2003-2016 Robert Mathis
62%
RB 1987–1991 Eric Dickerson
57%
Head Coach 1975–1979 1992–1995 Ted Marchibroda
24%
President/GM 1998–2011 Bill Polian
19%
WR 1986–1992 Bill Brooks
14%
Fans N/A 12th Man
10%
OT, OG 1983–1989 Chris Hinton
10%
No matching quizzes found
Score Distribution
Percent of People with Each Score
Percentile by Number Answered
Your Score History
You have not taken this quiz